000 00943cam a2200289 a 4500
001 59319
003 CO-BoRNBP
005 20251002202420.0
007 ta
008 171205s2017 ck a gr 000 j spa
020 _a9789584824516
040 _aCO-BoBN
_bspa
_cCO-BoBN
082 0 4 _aCo863.5
_223
100 1 _aVanegas López, Luz Marina
_965232
245 1 3 _aLa casa de Aba /
_cLuz Marina Vanegas López ; ilustraciones, María Paula Silva ... [et al.]
250 _a1a. ed.
300 _a[61] p. :
_bprincipalmente il. col. ;
_c22 cm
336 _2rdacontent
_atexto
_btxt
337 _2rdamedia
_asin mediación
_bn
338 _2rdacarrier
_avolumen
_bnc
490 0 _aCasa de aba
650 1 4 _aCuentos infantiles colombianos
_ySiglo XXI
_2LEMB
_9965
650 2 4 _aLibros ilustrados para niños
_2LEMB
_92001
700 1 _aSilva, María Paula,
_eilustrador
_965233
942 _2ddc
_cBK
990 _a2017-11299
_bLuz Marina Vanegas López
999 _c59319
_d59319